Les plus grandes rivalités du Football Européen - Statistiques

Statistiques générales
  • Ce quiz a été pris 191 fois
  • Le résultat moyen est 20 sur 50
Statistiques - réponses
Club Nom du Derby/de la Rivalité Réponse % Correct
Manchester United The Manchester Derby Manchester City
99%
AC Milan Derby della Madonnina Inter Milan
98%
Borussia Dortmund Der Klassiker Bayern Munich
87%
Olympique de Marseille L'Olympico Olympique Lyonnais
84%
Olympique Lyonnais Derby du Rhône AS Saint-Etienne
80%
Real Madrid El Clasico FC Barcelone
80%
PSG Le Classique Olympique de Marseille
79%
Atletico Madrid El Derbi Madrileño Real Madrid
79%
Celtic Glasgow The Old Firm Derby Glasgow Rangers
75%
Lille OSC Derby du Nord RC Lens
74%
Arsenal The North London Derby Tottenham
74%
AC Ajaccio Derby de Corse SC Bastia
73%
Everton The Merseyside Derby Liverpool
72%
AS Rome Derby della Capitale Lazio Rome
70%
Benfica Derby de Lisbonne Sporting Portugal
67%
Fenerbahce Kitalararasi Derbi Galatasaray
63%
Liverpool The North West Derby Manchester United
62%
FC Séville Derby de Seville Betis Seville
61%
Hertha BSC Der Berliner Stadtderby Union Berlin
60%
Panathinaikos Derby d'Athènes AEK Athenes
52%
AEK Athenes Derby d'Athenes Olympiakos
50%
Olympiakos Derby des Eternels ennemis Panathinaikos
45%
Besiktas Derby d'Istanbul Fenerbahce
44%
Ajax Amsterdam De Klassieker Feyenoord Rotterdam
39%
Sparta Prague Derby de Prague Slavia Prague
34%
FC Bâle Le Choc Young Boys Bern
32%
FC Metz Derby Lorrain AS Nancy-Lorraine
31%
Spartak Moscou Principal derby de Moscou CSKA Moscou
28%
Shaktar Donesk Le Classique Dynamo Kiev
28%
FC Metz Derby Alsace-Lorraine RC Strasbourg
25%
Dinamo Bucarest Marele Derby Steaua Bucarest
25%
Club Bruges KV De Brugse Derby Cercle Bruges
23%
Etoile Rouge Belgrade Derby Eternel Partizan Belgrade
23%
Dynamo Moscou Plus vieux Derby de Russie Spartak Moscou
22%
Valence CF Derbi del Turia Levante UD
16%
Standard de Liège Derby Wallon Royal Charleroi SC
15%
Dinamo Zagreb Derby Eternel Hajduk Split
14%
FC Porto Derby de Porto Boavista
12%
Ujpest Derby de Budapest Ferencvaros
11%
Hambourg SV Der Hamburger Stadtderby FC Sankt Pauli
9%
FC Copenhague Slaget om København Brøndby IF
7%
PAOK Derby de Thessalonique ARIS Salonique
6%
CSKA Sofia Derby Eternel Levski Sofia
4%
FC Sankt Pauli Rivalité politique Communiste - Fasciste Dynamo Dresden
3%
FC Sankt Pauli Rivalité politique Communiste - Fasciste Hansa Rostock
3%
Dynamo Dresden Der Elb-Clasico FC Magdeburg
2%
Kaiserslautern FC Der Lautern Derby Karlsruher SC
2%
FC Sankt Pauli Rivalité politique Communiste - Fasciste Arminia Bielefeld
1%
Legia Varsovie Derby de Varsovie Polonia Varsovie
1%
Velez Derby de Mostar Zrinjski
1%
Aucun quiz correspondant
Distribution des résultats
% des personnes avec chaque résultat
Percentile par nombre de réponses
Votre historique - résultats
Vous n’avez pas pris ce quiz